Cartoon Characters Slideshow II (A-Z) Quiz Stats

Quiz Updated Sep 8, 2015

Challenge
Share
Tweet
Score 0/25 Timer 08:00
17 Plays Today
% Correct
Dora the Explorer
97.2%
Goofy (Disney)
96.4%
Charlie Brown (Peanuts)
96.3%
Betty Boop
96.2%
Popeye
94.3%
Robin (Batman)
93.8%
Shaggy Rogers (Scooby Doo)
92.3%
Yogi Bear
92.2%
Eeyore (Winnie-the-Pooh)
89.3%
Kim Possible
84.4%
He-Man (Masters of the Universe)
83.9%
Jane Jetson (The Jetsons)
82.8%
Optimus Prime (Transformers)
81.4%
% Correct
Ash Ketchum (Pokémon)
81.4%
Wile E Coyote (Looney Tunes)
80.8%
Tommy Pickles (Rugrats)
79.2%
Zelda (The Legend of Zelda)
78.3%
Underdog
73.7%
Foghorn Leghorn
67.6%
Nelson Muntz (The Simpsons)
65.5%
Invisible Woman (Fantastic Four)
63%
Vicky (the Fairly Oddparents)
60.3%
Muttley (Wacky Races)
37.4%
Lion-O (Thundercats)
31%
Quackerjack (Darkwing Duck)
6.4%

You're not logged in!

Compare scores with friends on all Sporcle quizzes.
Sign Up with Email
OR
Log In

You Might Also Like...

Show Comments

Extras

Top Quizzes Today


Score Distribution

Your Account Isn't Verified!

In order to create a playlist on Sporcle, you need to verify the email address you used during registration. Go to your Sporcle Settings to finish the process.